00929 a2200217 4500003000500000005001700005010001600022020001500038020001500053035002100068035002000089040000900109082002000118100002400138245005600162260005200218300008300270505032000353650002300673651001500696Nust20221019144609.0 a 97073636 a0764530925 a0764530925 a(DLC) 97073636 a(OCoLC)38062281 cNust00a620.0042028,FIN1 aFinkelstein, Ellen.10aAutoCAD 14 bible (Include CD) /cEllen Finkelstein. aFoster City, CA :bIDG Books Worldwide,cc1997. axxxvii, 1065 p. :bill. ;c24 cm. +e1 computer laser optical disc (4 3/4 in.) aPart-1: AutoCAD Basics (Page-1), Part-2: Drawing in two Dimensions (Page-103), Part-3: Working with Data (Page-483), Part-4: Drawing in the Dimensions (Page-585), Part-5: Organizing and Managing Drawings (Page-767), Part-6: Customizing AutoCAD (Page-819), Part-7 Auto LISP (Page-913), Part-8: Appendixes (Page-953). 0aComputer graphics. aInclude CD